[Event "V Festival A"]
[Site "Verona ITA"]
[Date "1999.01.??"]
[Round "2"]
[White "De Bortoli, Peter"]
[Black "Mitkov, Nikola"]
[Result "0-1"]
[WhiteElo "2218"]
[BlackElo "2483"]
[PlyCount "88"]
[EventDate "1999.01.02"]

1. e4 e5 2. f4 Nc6 3. Nf3 f5 4. d4 Nf6 5. fxe5 Nxe4 6. Be3 d5 7. Nbd2 Be7 8. a3
O-O 9. g3 g5 10. Qe2 g4 11. Ng1 Be6 12. O-O-O b5 13. Nxe4 fxe4 14. Qxb5 Qd7 15.
Qa6 Rab8 16. Bb5 Rb6 17. Qa4 Rfb8 18. Bxc6 Rxc6 19. Ne2 Rxb2 20. Kxb2 Rb6+ 21.
Qb3 Qa4 22. Ra1 Qc4 23. Rhe1 a5 24. Qxb6 cxb6 25. Kc1 Bd7 26. Kd2 Ba4 27. Rec1
b5 28. Nf4 Bg5 29. Ne6 Bxe3+ 30. Kxe3 Kf7 31. Ng5+ Kg6 32. Ne6 Qc3+ 33. Kf2 Kf7
34. Ng5+ Ke7 35. Nxh7 Qxd4+ 36. Kg2 e3 37. Nf6 Qxe5 38. Nxg4 Qe4+ 39. Kh3 Qh7+
40. Kg2 Qe4+ 41. Kh3 b4 42. Kh4 Bd7 43. h3 Qh7+ 44. Kg5 Qxh3 0-1

[Event "V Festival A"]
[Site "Verona ITA"]
[Date "1999.01.??"]
[Round "2"]
[White "Faccia, Sergio"]
[Black "Bertani, Gianfranco"]
[Result "0-1"]
[WhiteElo "2090"]
[BlackElo "2195"]
[PlyCount "79"]
[EventDate "1999.01.02"]

1. e4 c5 2. b4 cxb4 3. Bb2 Nf6 4. Bc4 d6 5. Qf3 Nc6 6. d4 e5 7. dxe5 dxe5 8.
Nd2 Be7 9. Qg3 Qxd2+ 10. Kxd2 Nxe4+ 11. Ke2 Nxg3+ 12. hxg3 O-O 13. Bd3 g6 14.
Re1 Be6 15. Nf3 Bf6 16. Kd2 Bxa2 17. Rh2 Be6 18. Nxe5 Bxe5 19. Bxe5 Nxe5 20.
Rxe5 Rfd8 21. Kc1 Rac8 22. Be4 b3 23. Rh1 bxc2 24. Bxc2 Bf5 25. Re2 Rd6 26. Kb2
Rb6+ 27. Bb3 Bd3 28. Re3 Bf5 29. Ka3 Ra6+ 30. Kb2 Rd6 31. Re2 b5 32. Rhe1 Rc7
33. f3 h5 34. Re7 Rxe7 35. Rxe7 Be6 36. Rxa7 Rd2+ 37. Ka3 Bxb3 38. Kxb3 Rxg2
39. g4 h4 40. g5 0-1

[Event "V Festival A"]
[Site "Verona ITA"]
[Date "1999.01.??"]
[Round "2"]
[White "Ferretti, Folco"]
[Black "Farina, Saverio"]
[Result "1/2-1/2"]
[WhiteElo "2280"]
[BlackElo "2183"]
[PlyCount "90"]
[EventDate "1999.01.02"]

1. c4 e6 2. Nf3 d5 3. g3 c5 4. b3 Nc6 5. Bg2 d4 6. d3 e5 7. O-O Nge7 8. Re1 Ng6
9. e3 Be7 10. exd4 exd4 11. Ng5 O-O 12. Qh5 Bxg5 13. Bxg5 f6 14. Bd2 Nce5 15.
h3 Ne7 16. Qe2 Bf5 17. Be4 Qd7 18. f4 N5c6 19. Bxf5 Nxf5 20. Qf3 Rae8 21. Na3
g6 22. Nc2 a5 23. a3 Ng7 24. Kh2 f5 25. b4 axb4 26. axb4 b6 27. Ra6 Rxe1 28.
Bxe1 Nxb4 29. Nxb4 cxb4 30. Rxb6 Re8 31. Bf2 Ne6 32. Rxb4 Qd6 33. Rb7 h5 34.
Ra7 Nc5 35. Kg2 Rd8 36. g4 hxg4 37. hxg4 fxg4 38. Qxg4 Nxd3 39. Bg3 Qf6 40. Bh4
Qc6+ 41. Kh2 Rf8 42. Bg3 Rf7 43. Ra3 Rh7+ 44. Bh4 Nf2 45. Qg5 Qh1+ 1/2-1/2

[Event "V Festival A"]
[Site "Verona ITA"]
[Date "1999.01.??"]
[Round "2"]
[White "Franchini, Gabriele"]
[Black "Campanile, Roberto"]
[Result "1/2-1/2"]
[WhiteElo "2203"]
[BlackElo "2112"]
[PlyCount "39"]
[EventDate "1999.01.02"]

1. e4 c5 2. d4 cxd4 3. c3 dxc3 4. Nxc3 Nc6 5. Nf3 a6 6. Bc4 e6 7. O-O Nge7 8.
Qe2 Ng6 9. Be3 b5 10. Bb3 Be7 11. Rfd1 O-O 12. Rac1 Bb7 13. Rd2 d6 14. Rcd1 Qc7
15. Nd4 Nxd4 16. Bxd4 Bc6 17. Qg4 b4 18. Ne2 Qb7 19. Ng3 Rad8 20. Rc1 1/2-1/2

[Event "V Festival A"]
[Site "Verona ITA"]
[Date "1999.01.??"]
[Round "2"]
[White "Godena, Michele"]
[Black "Cacco, Christian"]
[Result "1-0"]
[WhiteElo "2552"]
[BlackElo "2192"]
[PlyCount "69"]
[EventDate "1999.01.02"]

1. e4 g6 2. d4 Bg7 3. Nf3 d6 4. Nc3 c6 5. Be3 Qc7 6. Qd2 Nd7 7. a4 e5 8. dxe5
dxe5 9. Bc4 Ngf6 10. a5 h6 11. h3 Nh5 12. O-O g5 13. Rfd1 Nf4 14. Na4 b5 15.
axb6 axb6 16. Nxb6 Rxa1 17. Rxa1 Nxb6 18. Qa5 Na8 19. Qxa8 O-O 20. Qa7 Bb7 21.
Qa5 Qb8 22. Qb6 Ba8 23. Qxb8 Rxb8 24. Ra7 Kh8 25. Bxf7 c5 26. Nd2 Ne2+ 27. Kh2
Nd4 28. c3 Nb5 29. Ra5 Nd6 30. Bd5 Bxd5 31. exd5 Rxb2 32. Rxc5 Rc2 33. Rc6 e4
34. g4 Rxc3 35. Rxd6 1-0

[Event "V Festival A"]
[Site "Verona ITA"]
[Date "1999.01.??"]
[Round "2"]
[White "Guido, Flavio"]
[Black "Dalponte, Dino"]
[Result "1-0"]
[WhiteElo "2356"]
[BlackElo "2171"]
[PlyCount "113"]
[EventDate "1999.01.02"]

1. e4 e6 2. d4 d5 3. e5 c5 4. c3 Bd7 5. Nf3 Qb6 6. Be2 Bb5 7. c4 Bxc4 8. Bxc4
dxc4 9. d5 exd5 10. Qxd5 Qc6 11. Qxc4 b5 12. Qe2 Na6 13. Nc3 Nc7 14. a4 b4 15.
Ne4 h6 16. O-O Be7 17. Rd1 Rd8 18. Nd6+ Kf8 19. Bf4 Ne6 20. Bg3 Bxd6 21. exd6
Nf6 22. Ne5 Qb7 23. Ng6+ fxg6 24. Qxe6 Qf7 25. Qe3 Nd7 26. Re1 Kg8 27. Qd3 Kh7
28. Re7 Qf6 29. Qb5 Qxb2 30. Rf1 a6 31. Qb7 Rhg8 32. Rxd7 Rb8 33. Qd5 Qc3 34.
Be5 Qc2 35. Rc7 b3 36. Rxc5 Qe2 37. Rcc1 Rbd8 38. Rfe1 Qa2 39. Rb1 Qxa4 40.
Qxb3 Qa5 41. f4 Rd7 42. Red1 Qc5+ 43. Kh1 Qa7 44. h3 Re8 45. Qb6 Qa8 46. Ra1
Qe4 47. Qxa6 h5 48. Qd3 Qb7 49. Rac1 Red8 50. Rc2 Qb4 51. Rdc1 h4 52. Rc7 Rxc7
53. Rxc7 Qe1+ 54. Kh2 Rg8 55. Re7 Qf2 56. d7 Qe1 57. Re8 1-0

[Event "V Festival A"]
[Site "Verona ITA"]
[Date "1999.01.??"]
[Round "2"]
[White "Masera, Umberto"]
[Black "Perich, Stefano"]
[Result "1/2-1/2"]
[WhiteElo "2125"]
[BlackElo "2045"]
[PlyCount "114"]
[EventDate "1999.01.02"]

1. e4 d6 2. d4 g6 3. c4 Bg7 4. Nc3 Nf6 5. f3 Nc6 6. Be3 e5 7. d5 Ne7 8. c5 dxc5
9. Bxc5 O-O 10. d6 cxd6 11. Qxd6 Nc6 12. Qd1 Re8 13. Bb5 Bd7 14. Nge2 a6 15.
Bc4 b5 16. Bd5 Bf8 17. Bxf8 Kxf8 18. Qd2 Kg7 19. h4 b4 20. Nd1 h6 21. Ne3 Rb8
22. b3 Ne7 23. O-O-O Nexd5 24. Nxd5 Nxd5 25. Qxd5 Bb5 26. Qxd8 Rexd8 27. Ng3 h5
28. Rhe1 Kf6 29. Nh1 Rbc8+ 30. Kb2 Ke6 31. Nf2 f6 32. Rxd8 Rxd8 33. Rd1 Rc8 34.
Rd2 Rc6 35. a3 bxa3+ 36. Kxa3 f5 37. Kb2 f4 38. Nh3 Rd6 39. Rc2 Rd3 40. Ng1 Re3
41. Rd2 Rd3 42. Rc2 Re3 43. Rd2 Rd3 44. Rc2 Re3 45. Rf2 Re1 46. Nh3 Re2+ 47.
Rxe2 Bxe2 48. Kc3 Bf1 49. Kb4 Be2 50. Ng5+ Kd6 51. Ka5 Bf1 52. Kb6 Be2 53. b4
Bf1 54. Nh7 Be2 55. Ng5 Bc4 56. Kb7 Kd7 57. Nh7 Be2 1/2-1/2

[Event "V Festival A"]
[Site "Verona ITA"]
[Date "1999.01.??"]
[Round "2"]
[White "Nikcevic, Nebojsa"]
[Black "Rodighiero, Giuseppe"]
[Result "1-0"]
[WhiteElo "2472"]
[BlackElo "2185"]
[PlyCount "129"]
[EventDate "1999.01.02"]

1. Nf3 Nf6 2. c4 g6 3. Nc3 Bg7 4. e4 d6 5. d4 O-O 6. h3 e5 7. d5 Nh5 8. Nh2 Qe8
9. Be2 Nf4 10. Bf3 f5 11. g3 Nxh3 12. Bg2 f4 13. Nf3 g5 14. Bxh3 g4 15. Bg2
gxf3 16. Bxf3 fxg3 17. fxg3 Qf7 18. O-O Bh3 19. Bg2 Qxf1+ 20. Qxf1 Rxf1+ 21.
Kxf1 Bxg2+ 22. Kxg2 a6 23. Nd1 Nd7 24. Ne3 Nc5 25. Kf3 Bh6 26. Nf5 Bxc1 27.
Rxc1 a5 28. b3 a4 29. b4 Nd3 30. Rb1 a3 31. Ke3 Nb2 32. c5 Ra4 33. cxd6 cxd6
34. Nxd6 Rxb4 35. Rc1 b5 36. Rc8+ Kg7 37. Nf5+ Kf7 38. Rc7+ Ke8 39. d6 Nc4+ 40.
Kf3 Kd8 41. Rxh7 Nd2+ 42. Ke3 Nc4+ 43. Kd3 Nxd6 44. Nxd6 Rd4+ 45. Ke3 Rxd6 46.
Rb7 Rg6 47. Kf3 Rf6+ 48. Kg4 Rg6+ 49. Kh4 Rc6 50. Rxb5 Rc2 51. Rxe5 Rxa2 52. g4
Re2 53. Ra5 a2 54. Kg5 Rxe4 55. Rxa2 Ke7 56. Rf2 Re6 57. Kh5 Re1 58. Kg6 Re6+
59. Kg7 Re5 60. Rf5 Re4 61. g5 Rh4 62. Re5+ Kd7 63. g6 Rh2 64. Kg8 Kd8 65. g7
1-0

[Event "V Festival A"]
[Site "Verona ITA"]
[Date "1999.01.??"]
[Round "2"]
[White "Papale, Carmelo"]
[Black "Cristiani, Cesare"]
[Result "1/2-1/2"]
[WhiteElo "1917"]
[BlackElo "2089"]
[PlyCount "132"]
[EventDate "1999.01.02"]

1. Nf3 Nf6 2. g3 b6 3. Bg2 Bb7 4. d3 e6 5. e4 d5 6. O-O dxe4 7. Ng5 Be7 8. Nd2
Nbd7 9. Ndxe4 Rb8 10. Qe2 O-O 11. Re1 h6 12. Nf3 Re8 13. Bd2 a5 14. a3 Nxe4 15.
dxe4 Bf6 16. c3 e5 17. b4 Ra8 18. h4 Qe7 19. Nh2 c5 20. Rad1 axb4 21. axb4 cxb4
22. cxb4 Nb8 23. Qb5 Qe6 24. Be3 Bc6 25. Qxb6 Nd7 26. Qc7 Be7 27. Bh3 Qxh3 28.
Qxc6 Bxb4 29. Re2 Nf8 30. Rb2 Rac8 31. Qa4 Be7 32. Rb7 Qe6 33. Rd5 Bf6 34. Kg2
Ra8 35. Qb3 Ra6 36. Qb5 Qc6 37. Qb3 Qe6 38. Nf3 Rea8 39. Bc5 Qg4 40. Rb8 Qxe4
41. Rxf8+ Rxf8 42. Bxf8 Bxh4 43. Rxe5 Qc6 44. Rc5 Qa8 45. gxh4 Rg6+ 46. Kh2
Qxf8 47. Qc2 Qd6+ 48. Ne5 f5 49. f4 Rf6 50. Qc4+ Kh7 51. Rd5 Qb6 52. Rd2 Qe3
53. Rg2 Qa7 54. h5 Qe7 55. Qd3 Qb4 56. Qg3 Qe7 57. Rd2 Qe8 58. Qf3 Re6 59. Rg2
Qe7 60. Ng6 Qe8 61. Qb3 Re4 62. Qb7 Kg8 63. Rd2 Re2+ 64. Rxe2 Qxe2+ 65. Kg1
Qe1+ 66. Kg2 Qe2+ 1/2-1/2

[Event "V Festival A"]
[Site "Verona ITA"]
[Date "1999.01.??"]
[Round "2"]
[White "Pizzuto, Samuele Tullio"]
[Black "Nironi, Andrea"]
[Result "1-0"]
[WhiteElo "2115"]
[BlackElo "1897"]
[PlyCount "41"]
[EventDate "1999.01.02"]

1. e4 e5 2. Nf3 Nc6 3. Nc3 Bc5 4. Nxe5 Bxf2+ 5. Kxf2 Nxe5 6. d4 Ng6 7. Bc4 Nf6
8. Rf1 d6 9. Kg1 h6 10. Qf3 O-O 11. Bxh6 Be6 12. Bxe6 fxe6 13. Qg3 Qe8 14. Bg5
Nh7 15. Be3 Nf6 16. Bg5 Nh7 17. h4 Ne7 18. Rxf8+ Nxf8 19. Rf1 Nc6 20. Qg4 Nxd4
21. Bf6 1-0

[Event "V Festival A"]
[Site "Verona ITA"]
[Date "1999.01.??"]
[Round "2"]
[White "Popa, Florin"]
[Black "Ortega, Lexy"]
[Result "0-1"]
[WhiteElo "2215"]
[BlackElo "2485"]
[PlyCount "44"]
[EventDate "1999.01.02"]

1. e4 c5 2. c3 d5 3. exd5 Qxd5 4. d4 Nf6 5. Nf3 Bg4 6. Be2 e6 7. O-O Nc6 8. h3
Bh5 9. c4 Qd6 10. g4 Bg6 11. g5 cxd4 12. Qb3 Nd7 13. Qxb7 Rc8 14. Qb5 Qc7 15.
Bd2 Bc5 16. b4 d3 17. bxc5 dxe2 18. Re1 O-O 19. Nc3 Bh5 20. Nh4 Nd4 21. Qb2 Ne5
22. Ne4 Nef3+ 0-1

[Event "V Festival A"]
[Site "Verona ITA"]
[Date "1999.01.??"]
[Round "2"]
[White "Ravagnani, Tiziano"]
[Black "Facchetti, Gianni"]
[Result "0-1"]
[WhiteElo "2025"]
[BlackElo "2116"]
[PlyCount "105"]
[EventDate "1999.01.02"]

1. e4 e5 2. Nf3 Nc6 3. Bc4 d6 4. d4 Bg4 5. c3 Bh5 6. Be3 Be7 7. d5 Nb8 8. Nbd2
Nf6 9. h3 Nbd7 10. O-O O-O 11. Re1 Nb6 12. Bd3 Nfd7 13. Nf1 c5 14. Ng3 Bg6 15.
c4 Re8 16. Rc1 Rc8 17. Qd2 Nf6 18. a3 Nbd7 19. b4 b6 20. Qd1 cxb4 21. axb4 a5
22. Nh4 axb4 23. Nxg6 hxg6 24. Rb1 Nc5 25. Rxb4 Nfd7 26. Ne2 Ra8 27. Bc2 Bg5
28. f4 Bf6 29. f5 gxf5 30. exf5 Ra3 31. Bc1 Ra1 32. Rb1 Rxb1 33. Bxb1 e4 34.
Ng3 Bc3 35. Re3 Qf6 36. Nxe4 Nxe4 37. Rxe4 Rxe4 38. Bxe4 Qh4 39. Qe2 Bd4+ 40.
Kh1 Nf6 41. Bf3 Be5 42. Kg1 Qg3 43. Qe3 Nd7 44. Bd2 Qh2+ 45. Kf1 Nc5 46. Ke2
Qh1 47. Bc3 Bxc3 48. Qxc3 Qb1 49. f6 gxf6 50. Qxf6 Qd3+ 51. Kf2 Qxc4 52. Qd8+
Kh7 53. Qxb6 0-1

[Event "V Festival A"]
[Site "Verona ITA"]
[Date "1999.01.??"]
[Round "2"]
[White "Satta, Vladimiro"]
[Black "Bezzi, Massimo"]
[Result "1-0"]
[WhiteElo "2214"]
[BlackElo "1933"]
[PlyCount "95"]
[EventDate "1999.01.02"]

1. e4 e5 2. Nf3 Nc6 3. Bc4 Nf6 4. d3 Be7 5. O-O O-O 6. Bb3 d5 7. exd5 Nxd5 8.
Re1 Bf6 9. Nbd2 Bg4 10. h3 Be6 11. Nc4 Nd4 12. Ncxe5 Nxb3 13. axb3 a6 14. d4
Re8 15. Bd2 h6 16. c4 Ne7 17. Bc3 Qd6 18. Qd2 Rad8 19. Bb4 Qb6 20. Bc5 Qxc5 21.
dxc5 Rxd2 22. Nxd2 Nf5 23. Ndf3 Nh4 24. Nxh4 Bxh4 25. c6 bxc6 26. Rxa6 Rb8 27.
Re3 c5 28. Nc6 Rf8 29. Ra5 Bf6 30. Rxc5 Ra8 31. Ra5 Rxa5 32. Nxa5 Bxb2 33. Nc6
Kf8 34. Rd3 Bf6 35. g4 h5 36. f3 g6 37. Kf2 Bg5 38. Nd4 Ke7 39. Nxe6 Kxe6 40.
gxh5 gxh5 41. Rd5 f5 42. Rc5 Bf4 43. Rc6+ Ke7 44. Ke2 h4 45. Kd3 Be5 46. Rh6
Bg3 47. Kd4 Kd7 48. Kd5 1-0

[Event "V Festival A"]
[Site "Verona ITA"]
[Date "1999.01.??"]
[Round "2"]
[White "Vancini, Edoardo"]
[Black "Bianchi, Andrea"]
[Result "1/2-1/2"]
[WhiteElo "2249"]
[BlackElo "2145"]
[PlyCount "55"]
[EventDate "1999.01.02"]

1. e4 e5 2. Nf3 Nf6 3. Nc3 Nc6 4. d4 exd4 5. Nxd4 Bb4 6. Nxc6 bxc6 7. Bd3 d5 8.
exd5 cxd5 9. O-O O-O 10. Bg5 c6 11. Na4 Bd7 12. c3 Bd6 13. Bc2 h6 14. Bh4 Re8
15. f4 Be7 16. Qd4 Ng4 17. Bxe7 Qxe7 18. Rf3 Qh4 19. h3 Re1+ 20. Rxe1 Qxe1+ 21.
Rf1 Qe3+ 22. Kh1 Qxd4 23. cxd4 Ne3 24. Rc1 Re8 25. Bd3 Bf5 26. Bxf5 Nxf5 27.
Rxc6 Re4 28. Rc8+ 1/2-1/2

[Event "V Festival A"]
[Site "Verona ITA"]
[Date "1999.01.??"]
[Round "2"]
[White "Ventura, Boris"]
[Black "Lapiccirella, Mattia"]
[Result "0-1"]
[WhiteElo "2115"]
[BlackElo "2077"]
[PlyCount "62"]
[EventDate "1999.01.02"]

1. e4 c5 2. Nf3 Nc6 3. d4 cxd4 4. Nxd4 Nf6 5. Nc3 d6 6. f4 e6 7. Be2 Be7 8. Be3
a6 9. a4 O-O 10. O-O Qc7 11. Bf3 Bd7 12. Nb3 Na5 13. Nxa5 Qxa5 14. Qd2 Qc7 15.
Qf2 Rac8 16. e5 dxe5 17. fxe5 Qxe5 18. Bxb7 Rb8 19. Bxa6 Rxb2 20. Bd4 Qd6 21.
Nb5 Rxb5 22. Bxb5 Ng4 23. Qf4 e5 24. Bxe5 Nxe5 25. Kh1 Bc8 26. Qe4 Ng4 27. Qf4
Qc5 28. Bd3 Bd6 29. Qe4 g6 30. Qe2 Nf2+ 31. Rxf2 Bg4 0-1

[Event "V Festival A"]
[Site "Verona ITA"]
[Date "1999.01.??"]
[Round "2"]
[White "Zinani, Alessandro"]
[Black "Everet, Alexandro"]
[Result "1-0"]
[WhiteElo "2178"]
[BlackElo "2253"]
[PlyCount "155"]
[EventDate "1999.01.02"]

1. d4 Nf6 2. c4 g6 3. Nf3 Bg7 4. g3 O-O 5. Bg2 d6 6. O-O c6 7. Nc3 Re8 8. h3
Qc7 9. e4 e5 10. dxe5 dxe5 11. Be3 Be6 12. Qe2 Nbd7 13. Rfd1 Nf8 14. Rd2 h6 15.
Rad1 g5 16. Bc5 Ng6 17. Bd6 Qc8 18. Qf1 Nh7 19. Kh2 h5 20. Ne1 Bh6 21. Nc2 g4
22. Ne3 Bxe3 23. fxe3 gxh3 24. Bxh3 Bg4 25. Bxg4 Qxg4 26. Qf5 Re6 27. Rf1 Nf6
28. c5 Kg7 29. Rg2 Rh8 30. Rf3 Rh7 31. Kg1 Kh8 32. Qxg4 Nxg4 33. Nd1 h4 34. Re2
h3 35. Nf2 Nf6 36. Kh2 Kg7 37. Rf5 Re8 38. Re1 Ng8 39. Ng4 Nh6 40. Nxh6 Kxh6
41. Ref1 Rd8 42. Rxf7 Rd7 43. Rxd7 Rxd7 44. Kxh3 b6 45. b4 a5 46. bxa5 bxa5 47.
Rf5 Rb7 48. Bxe5 a4 49. Bd4 a3 50. Rf6 Rc7 51. Kg4 Kh7 52. Kf5 Nh8 53. g4 Nf7
54. g5 Kg8 55. g6 Nd8 56. e5 Re7 57. Rd6 Re8 58. e6 Nxe6 59. Rxe6 Rf8+ 60. Kg5
Rd8 61. Rxc6 Re8 62. Ra6 Rd8 63. Rxa3 Rxd4 64. Kf6 Rd8 65. Ra7 Rf8+ 66. Kg5 Rd8
67. Rh7 Rd5+ 68. Kf6 Rd8 69. a4 Ra8 70. c6 Rc8 71. c7 Re8 72. e4 Ra8 73. e5
Ra6+ 74. e6 Ra8 75. a5 Re8 76. a6 Ra8 77. Rd7 Rf8+ 78. Ke5 1-0

[Event "V Festival A"]
[Site "Verona ITA"]
[Date "1999.01.??"]
[Round "3"]
[White "Bezzi, Massimo"]
[Black "Masera, Umberto"]
[Result "1-0"]
[WhiteElo "1933"]
[BlackElo "2125"]
[PlyCount "103"]
[EventDate "1999.01.02"]

1. e4 e5 2. Nf3 Nc6 3. Bc4 Bc5 4. c3 Bb6 5. d4 Qe7 6. O-O d6 7. h3 Nf6 8. Re1
O-O 9. Bg5 h6 10. Bxf6 Qxf6 11. dxe5 dxe5 12. Qe2 Ne7 13. Kh2 g5 14. Nbd2 Ng6
15. g3 g4 16. hxg4 Bxg4 17. Kg2 Kg7 18. Nf1 Rad8 19. Ne3 Bxe3 20. Qxe3 Bxf3+
21. Qxf3 Rd6 22. Qxf6+ Kxf6 23. Rad1 Rfd8 24. Rxd6+ Rxd6 25. Re3 Rd2 26. Rf3+
Ke7 27. Rxf7+ Kd8 28. Rf6 Rd6 29. Rxd6+ cxd6 30. Kf3 Ke7 31. Kg4 Kf6 32. Bd5 b6
33. Bb7 Ne7 34. Kh5 Kg7 35. Bd5 Ng6 36. c4 Ne7 37. Bb7 Ng8 38. Kg4 Kg6 39. f4
exf4 40. gxf4 Nf6+ 41. Kf3 Nd7 42. b4 Nf6 43. e5 dxe5 44. fxe5 Nd7 45. Kf4 Kf7
46. Bc8 Nb8 47. c5 Ke7 48. e6 h5 49. Kg5 Kd8 50. Bb7 Kc7 51. Bd5 a6 52. a4 1-0

[Event "V Festival A"]
[Site "Verona ITA"]
[Date "1999.01.??"]
[Round "3"]
[White "Campanile, Roberto"]
[Black "Vancini, Edoardo"]
[Result "1-0"]
[WhiteElo "2112"]
[BlackElo "2249"]
[PlyCount "99"]
[EventDate "1999.01.02"]

1. d4 d5 2. Nf3 c6 3. c4 e6 4. Nc3 dxc4 5. a4 Bb4 6. e3 b5 7. Be2 Nf6 8. O-O
Qb6 9. Qc2 Nd5 10. e4 Nxc3 11. bxc3 Be7 12. Be3 a5 13. Rfb1 Qa6 14. d5 exd5 15.
exd5 cxd5 16. Rxb5 Be6 17. Nd4 O-O 18. Bf3 Rd8 19. Rd1 Qc8 20. Nxe6 fxe6 21.
Bg4 Ra6 22. Rbxd5 Rxd5 23. Rxd5 Nd7 24. Rb5 Nc5 25. Bf3 Qf8 26. Bd4 Nd3 27. Be4
Qf4 28. Bxd3 cxd3 29. Qxd3 Ra8 30. g3 Qg4 31. Rb7 Bf8 32. Qe3 Rd8 33. Qe5 Rd5
34. Qb8 e5 35. Qe8 Qf3 36. Qe6+ Kh8 37. Rf7 Qd1+ 38. Kg2 Rd8 39. Qxe5 Qg4 40.
h3 Qg6 41. Qf4 Kg8 42. Ra7 Re8 43. Qg4 Qh6 44. Rxa5 Re1 45. Qg5 Qc6+ 46. Qd5+
Qxd5+ 47. Rxd5 Ra1 48. Ra5 Kf7 49. Ra7+ Kg6 50. a5 1-0

[Event "V Festival A"]
[Site "Verona ITA"]
[Date "1999.01.??"]
[Round "3"]
[White "Carli, Carlo"]
[Black "De Bortoli, Peter"]
[Result "1-0"]
[WhiteElo "2071"]
[BlackElo "2218"]
[PlyCount "93"]
[EventDate "1999.01.02"]

1. d4 Nf6 2. c4 e6 3. Nc3 Bb4 4. Bg5 O-O 5. Rc1 h6 6. Bxf6 Qxf6 7. Nf3 b6 8. e3
Bb7 9. Be2 d6 10. O-O Bxc3 11. Rxc3 Nd7 12. Nd2 e5 13. Bf3 Bxf3 14. Nxf3 e4 15.
Nd2 Qg6 16. Qa4 Nf6 17. Qc6 Rac8 18. b4 h5 19. Ra3 h4 20. h3 Rce8 21. Rxa7 Nh7
22. Rxc7 Ng5 23. Kh2 Qh5 24. Qd5 Re6 25. Re1 Rfe8 26. Ra7 Kh7 27. Ra8 R8e7 28.
f4 exf3 29. Nxf3 Nxf3+ 30. Qxf3 Qxf3 31. gxf3 Rxe3 32. Rxe3 Rxe3 33. Rd8 Rxf3
34. Rxd6 Rf2+ 35. Kg1 Rxa2 36. Rxb6 g5 37. d5 Ra3 38. Kg2 Ra2+ 39. Kf3 f5 40.
c5 Ra3+ 41. Ke2 g4 42. d6 f4 43. d7 f3+ 44. Kd2 Ra8 45. hxg4 h3 46. g5 Ra2+ 47.
Ke3 1-0

[Event "V Festival A"]
[Site "Verona ITA"]
[Date "1999.01.??"]
[Round "3"]
[White "Cristiani, Cesare"]
[Black "Bertagnolli, Alexander"]
[Result "1/2-1/2"]
[WhiteElo "2089"]
[BlackElo "1978"]
[PlyCount "40"]
[EventDate "1999.01.02"]

1. d4 g6 2. c4 Bg7 3. Nf3 d6 4. Nc3 Nd7 5. e4 e5 6. d5 a5 7. Be2 Nc5 8. Bg5 f6
9. Be3 b6 10. Nd2 f5 11. f3 Bh6 12. Bf2 Nf6 13. O-O O-O 14. b3 Rf7 15. Rb1 fxe4
16. Ndxe4 Nfxe4 17. Nxe4 Nxe4 18. fxe4 Rxf2 19. Rxf2 Be3 20. Qd3 Qg5 1/2-1/2

[Event "V Festival A"]
[Site "Verona ITA"]
[Date "1999.01.??"]
[Round "3"]
[White "Dalponte, Dino"]
[Black "Satta, Vladimiro"]
[Result "0-1"]
[WhiteElo "2171"]
[BlackElo "2214"]
[PlyCount "84"]
[EventDate "1999.01.02"]

1. d4 Nf6 2. c3 e6 3. Bg5 d5 4. e3 Nbd7 5. f4 c5 6. Nd2 Qb6 7. Rb1 Bd6 8. Bd3
h6 9. Bxf6 Nxf6 10. Qf3 Bd7 11. Nh3 Bc6 12. Nf2 Qc7 13. g3 O-O 14. h4 Nd7 15.
a3 f6 16. Qh5 Rfe8 17. Ng4 Nf8 18. Bg6 Re7 19. Nf3 Nxg6 20. Qxg6 Kh8 21. Nxf6
gxf6 22. Qxf6+ Rg7 23. Qxh6+ Rh7 24. Qf6+ Qg7 25. Qxg7+ Rxg7 26. Ng5 cxd4 27.
exd4 Be7 28. Kf2 Bxg5 29. hxg5+ Rh7 30. Rh4 Kg7 31. Rbh1 Rah8 32. Kf3 Bb5 33.
R1h2 Bd3 34. Ke3 Be4 35. Kf2 Rxh4 36. gxh4 Kg6 37. Kg3 Kh5 38. Rf2 Rc8 39. Rd2
Bf5 40. Re2 Rc6 41. Rh2 a5 42. Rh1 b5 0-1

[Event "V Festival A"]
[Site "Verona ITA"]
[Date "1999.01.??"]
[Round "3"]
[White "Di Lazzaro, Gabriele"]
[Black "Faccia, Sergio"]
[Result "1-0"]
[WhiteElo "2040"]
[BlackElo "2090"]
[PlyCount "82"]
[EventDate "1999.01.02"]

1. e4 e5 2. d4 exd4 3. Qxd4 Nc6 4. Qe3 Nf6 5. Nc3 Bb4 6. Bd2 d6 7. O-O-O Bc5 8.
Qg3 Nh5 9. Qf3 g6 10. Be3 Bb4 11. Nd5 Ba5 12. Bb5 Bd7 13. Bxc6 bxc6 14. g4 cxd5
15. gxh5 O-O 16. Rxd5 Bb6 17. Bh6 Re8 18. hxg6 fxg6 19. Qc3 Qe7 20. f3 c6 21.
Rd1 d5 22. Ne2 Bc7 23. h4 Be5 24. Qd3 Rab8 25. c3 Rb7 26. h5 Reb8 27. Rd2 dxe4
28. fxe4 Qf7 29. Qb1 Be6 30. hxg6 hxg6 31. a3 c5 32. Qd3 Bc4 33. Qe3 Bxe2 34.
Rxe2 Qa2 35. Qd3 Rxb2 36. Rxb2 Qxb2+ 37. Kd1 Qa1+ 38. Bc1 Qxc3 39. Qd5+ Kg7 40.
Bh6+ Kf6 41. Rf1+ Ke7 1-0

[Event "V Festival A"]
[Site "Verona ITA"]
[Date "1999.01.??"]
[Round "3"]
[White "Everet, Alexandro"]
[Black "Cucinella, Vincenzo"]
[Result "1/2-1/2"]
[WhiteElo "2253"]
[BlackElo "2166"]
[PlyCount "100"]
[EventDate "1999.01.02"]

1. e4 c5 2. Nf3 e6 3. b3 Nc6 4. Bb2 Nf6 5. Nc3 d6 6. Be2 Be7 7. O-O O-O 8. h3
b6 9. Re1 Bb7 10. Bf1 a6 11. d3 Qc7 12. Ne2 Ne5 13. Nh2 Ng6 14. Ng3 d5 15. e5
Nd7 16. Ng4 Bg5 17. Nh5 d4 18. Qe2 Nf4 19. Nxf4 Bxf4 20. Bc1 Bxc1 21. Raxc1 Qd8
22. f4 Qh4 23. Kh2 b5 24. g3 Qe7 25. Bg2 Bxg2 26. Qxg2 Nb6 27. Qf3 Rad8 28. Rf1
Nd5 29. Rce1 h5 30. Nf2 g6 31. Ne4 Kg7 32. Rf2 Ne3 33. Kg1 Rh8 34. c4 bxc4 35.
bxc4 Rb8 36. Nd6 Rb6 37. Rxe3 dxe3 38. Qxe3 Qc7 39. Ne4 Rc8 40. g4 Rb1+ 41. Kg2
hxg4 42. hxg4 Rh8 43. Ng5 Rbh1 44. f5 Qc6+ 45. Rf3 gxf5 46. gxf5 exf5 47. e6
R8h2+ 48. Kg3 Qd6+ 49. Qf4 Qxf4+ 50. Rxf4 fxe6 1/2-1/2

[Event "V Festival A"]
[Site "Verona ITA"]
[Date "1999.01.??"]
[Round "3"]
[White "Lapiccirella, Mattia"]
[Black "Castaldo, Folco"]
[Result "1/2-1/2"]
[WhiteElo "2077"]
[BlackElo "2192"]
[PlyCount "41"]
[EventDate "1999.01.02"]

1. d4 e6 2. c4 Nf6 3. Nc3 Bb4 4. Qc2 d5 5. cxd5 Qxd5 6. Nf3 Qf5 7. Qxf5 exf5 8.
Bd2 c6 9. e3 Be6 10. Be2 Nbd7 11. Na4 a5 12. a3 Bd6 13. Rc1 Ne4 14. Nc3 Ndf6
15. O-O g5 16. Nxe4 Nxe4 17. Bc3 Bd5 18. Nd2 Nxd2 19. Bxd2 h6 20. f3 Kd7 21.
Bd3 1/2-1/2

[Event "V Festival A"]
[Site "Verona ITA"]
[Date "1999.01.??"]
[Round "3"]
[White "Lovati, Paolo"]
[Black "Ravagnani, Tiziano"]
[Result "1-0"]
[WhiteElo "2085"]
[BlackElo "2025"]
[PlyCount "67"]
[EventDate "1999.01.02"]

1. g3 e5 2. Bg2 d5 3. d3 f5 4. c4 c6 5. Nd2 Nf6 6. b3 Bc5 7. Nh3 O-O 8. O-O Ng4
9. Nf3 e4 10. Ne1 Bd4 11. Rb1 e3 12. f3 Nf2 13. Qc2 f4 14. Nxf4 Rxf4 15. gxf4
Qh4 16. Bb2 Bb6 17. cxd5 Qxf4 18. Qc4 Qh6 19. dxc6+ Be6 20. cxb7 Bxc4 21.
bxa8=Q Bc7 22. f4 Qxf4 23. Nf3 Be6 24. Rxf2 exf2+ 25. Kf1 h6 26. Qe4 Qf7 27.
Rc1 Bd6 28. Nd4 Bd7 29. Qd5 Bxh2 30. Qxf7+ Kxf7 31. Nf3 Bf4 32. Rc4 g5 33.
Rxf4+ gxf4 34. Ne5+ 1-0

[Event "V Festival A"]
[Site "Verona ITA"]
[Date "1999.01.??"]
[Round "3"]
[White "Luciani, Valerio"]
[Black "Ferretti, Folco"]
[Result "1/2-1/2"]
[WhiteElo "2238"]
[BlackElo "2280"]
[PlyCount "27"]
[EventDate "1999.01.02"]

1. c4 Nf6 2. Nc3 e6 3. e4 d5 4. cxd5 exd5 5. e5 Ne4 6. Nf3 Nxc3 7. bxc3 c5 8.
Bb5+ Nc6 9. O-O Be7 10. d4 Bg4 11. Bf4 cxd4 12. cxd4 O-O 13. Be2 Qd7 14. Rb1
1/2-1/2

[Event "V Festival A"]
[Site "Verona ITA"]
[Date "1999.01.??"]
[Round "3"]
[White "Medancic, Rikard"]
[Black "Nikcevic, Nebojsa"]
[Result "0-1"]
[WhiteElo "2349"]
[BlackElo "2472"]
[PlyCount "64"]
[EventDate "1999.01.02"]

1. d4 Nf6 2. c4 e6 3. Nf3 d5 4. Nc3 c6 5. Bg5 h6 6. Bxf6 Qxf6 7. e3 g6 8. Qc2
Nd7 9. Be2 dxc4 10. Bxc4 Bg7 11. O-O Qe7 12. e4 O-O 13. e5 c5 14. Qe4 cxd4 15.
Qxd4 Nb6 16. Bb3 Bd7 17. Qe3 Rfd8 18. h4 Bc6 19. h5 Bxf3 20. Qxf3 g5 21. Rae1
Rd4 22. Qe3 Rb4 23. f4 gxf4 24. Rxf4 Rxf4 25. Qxf4 Nd7 26. Ne4 Nxe5 27. Re3 Kh8
28. Rc3 Rd8 29. Kh1 f5 30. Nc5 Ng4 31. Nxe6 Bxc3 32. bxc3 Qxe6 0-1